Quiz das Seychelles - Statistics

Estatísticas Gerais
  • Esse quiz foi jogado 437 vezes
  • A pontuação média é 10 de 15
Estatísticas das Respostas
Dica Resposta % Correto
Oceano onde está as Seychelles Oceano {Índico}
97%
Línguas oficiais Inglês
92%
País insular mais próximo das Seychelles Madagáscar
91%
Per capita, Seychelles é o país mais ___ da África Rico
91%
É também o ____ país da África, com apenas 459 quilômetros quadrados Menor
90%
Línguas oficiais Francês
88%
Línguas oficiais {Crioulo} de Seychelles
71%
Explorador que avistou as Seychelles (mas não parou) em 1503 Vasco da Gama
69%
Capital Victoria
68%
Seychelles abriga a maior população mundial desses répteis, que pode ultrapassar 250 kg de peso {Tartaruga}-gigante
48%
Produto alimentício que constitui 82% das exportações Peixe
41%
Moeda oficial Rupia
34%
43 mercenários deste país encenaram uma tentativa de golpe em 1981 África do Sul
29%
Maior ilhas das Seychelles Mahé
22%
Ditador que liderou as Seychelles entre 1977 e 2004 France-Albert René
19%
Nenhum quiz correspondente encontrado
Distribuição das Pontuações
Porcentagem de Pessoas com Cada Pontuação
Percentil de Números Respondidos
Sua Pontuação Histórica
Você não jogou esse quiz